| 000 | 00976nam a2200241 a 4500 | ||
|---|---|---|---|
| 001 | 000023267 | ||
| 005 | 20200930022111.0 | ||
| 008 | 101201s1968 sp ac r 000 0 spa d | ||
| 040 |
_aDO-SdBNP _bspa _cBNPHU |
||
| 041 | 1 | 7 |
_aspa _heng _2Código de idiomas MARC |
| 082 |
_a371.102 _bM933m |
||
| 100 | 1 |
_aMoustakas, Clark E., _947903 |
|
| 240 | 1 | 4 |
_aThe teacher and the child: personal interaction in the classroom. _lEspañol. |
| 245 | 1 | 3 |
_aEl maestro y el niño : _binteracción personal en el aula / _cClark E. Moustakas ; traducción de Víctor Auz ; prólogo de Dorothy Lee. |
| 260 |
_aMadrid : _bAguilar, _c1968. |
||
| 300 |
_axix, 266 p. : _bil., retrs. ; _c22 cm. |
||
| 534 |
_pTítulo original en inglés: _tThe teacher and the child: personal interaction in the classroom. _cMcGraw Hill, 1960 |
||
| 650 | 4 |
_aEducación _xEnseñanza _9692 |
|
| 650 | 4 |
_aEscuelas _947904 |
|
| 700 | 1 |
_aAuz, Víctor, _etr. _947905 |
|
| 700 | 1 |
_aLee, Dorothy, _epról. _947906 |
|
| 049 | _aBNGR | ||
| 999 |
_c22764 _d22764 |
||